000 00462nam a22001697a 4500
020 _a1-4039-0515-0
082 _a320
_bFYS/P
100 _aFYSH, PETER
100 _aWOLFREYS, JIM
245 _aTHE POLITICS OF RACISM IN FRANCE
_bSOCIAL SCIENCE
246 _aTHE POLITICS OF RACISM IN FRANCE
_bSOCIAL SCIENCE
260 _aNEW YORK
_bPALGRACE, MACMILLAN HOUNDMILLS
_c2003
300 _a269
520 _aSOCIAL SCIENCE
650 _aSOCIAL SCIENCE
942 _cBK
999 _c1556
_d1556